Fundamentals of relational databases. (Record no. 10082)

MARC details
000 -LEADER
fixed length control field 00895aam a2200265 4500
001 - CONTROL NUMBER
control field 7877
003 - CONTROL NUMBER IDENTIFIER
control field Uk
005 - DATE AND TIME OF LATEST TRANSACTION
control field 20241121105734.0
008 - FIXED-LENGTH DATA ELEMENTS--GENERAL INFORMATION
fixed length control field 241121b |||||||| |||| 00| 0 eng d
020 ## - INTERNATIONAL STANDARD BOOK NUMBER
International Standard Book Number 9780071361880
082 04 - DEWEY DECIMAL CLASSIFICATION NUMBER
Classification number 005.74
100 1# - MAIN ENTRY--PERSONAL NAME
Personal name Mata-Toledo, Ramon A.
245 10 - TITLE STATEMENT
Title Fundamentals of relational databases.
264 #1 - PRODUCTION, PUBLICATION, DISTRIBUTION, MANUFACTURE, AND COPYRIGHT NOTICE
Place of production, publication, distribution, manufacture New York :
Name of producer, publisher, distributor, manufacturer McGraw-Hill,
Date of production, publication, distribution, manufacture, or copyright notice 2000.
300 ## - PHYSICAL DESCRIPTION
Extent Vi, 247p. :
Other physical details ill. ;
Dimensions 30 cm.
336 ## - CONTENT TYPE
Content type term text
Source rdacontent.
337 ## - MEDIA TYPE
Media type term computer
Source rdamedia.
338 ## - CARRIER TYPE
Carrier type term online resource
Source rdacarrier.
504 ## - BIBLIOGRAPHY, ETC. NOTE
Bibliography, etc. note Includes bibliographical references and index.
540 ## - TERMS GOVERNING USE AND REPRODUCTION NOTE
Terms governing use and reproduction Restricted: Printing from this resource is governed by The Legal Deposit Libraries (Non-Print Works) Regulations (UK) and UK copyright law currently in force.
Institution to which field applies Uk.
650 #0 - SUBJECT ADDED ENTRY--TOPICAL TERM
Topical term or geographic name entry element Database.
Topical term or geographic name entry element Database.
Source of heading or term fast.
700 1# - ADDED ENTRY--PERSONAL NAME
Personal name Cushman, Pauline K.,
Relator term author.
942 ## - ADDED ENTRY ELEMENTS (KOHA)
Source of classification or shelving scheme Dewey Decimal Classification
Koha item type Main

No items available.

Royal Thimphu College || All Right Reserved